| 000 | 01529nam a2200337 a 4500 | ||
|---|---|---|---|
| 001 | 000046996 | ||
| 005 | 20201002053255.0 | ||
| 008 | 091117s2014 dr ac 000 0 spa d | ||
| 020 | _a9789945119121 (v.1) | ||
| 020 | _a9789945190168 (v.2) | ||
| 020 | _a9789945119169 (v.3) | ||
| 020 | _a9789945190342 (v.4) | ||
| 020 | _a9789945190359 (v.5) | ||
| 020 | _a9789945190359 (v.7) | ||
| 020 | _a9789945190366 (v.8) | ||
| 020 | _a9789945190434 (v.9) | ||
| 040 |
_aDO-SdBNP _bspa _cBNPHU |
||
| 082 |
_axxxx _bxxx |
||
| 100 | 1 |
_aSosa, Olga _974881 |
|
| 245 | 1 | 0 |
_aEntre amigos 3 : _beducación inicial / _cOlga Sosa ; dirección editorial Claudia Llibre ; ilustración Ruddy Núñez. |
| 260 |
_aSanto Domingo : _bSantillana, _c2014. |
||
| 300 |
_av. : _bil., retrs. ; _c28 cm. |
||
| 490 | 1 | _aProyecto Todos juntos | |
| 505 | 0 |
_av. 1 : _tLibro de texto -- _gv. 2 . : _tLibro de texto (script) -- _gv. 3 : _tGuía didáctica para el profesorado. -- _gv. 4 : _tPrimer trimestre (cursiva ) -- _gv. 5 : _tSegundo trimestre (cursiva) -- _gv. 6 : _tTercer trimestre (cursiva)-- _gv. 7 : _tPrimer trimestre (script) -- _gv. 8 : _tSegundo trimestre (script) -- _gv. 9 : _tTercer trimestre (script) -- |
|
| 500 | _aEste libro ha sido realizado de conformidad con el currículum vigente y ha sido sometido a la aprobación del MINERD | ||
| 500 | _aEducación inicial / tres años | ||
| 590 | _aInventariado, 2019/VM | ||
| 700 | 1 |
_aLlibre, Claudia _edir. _930462 |
|
| 700 | 1 |
_aNúñez, Ruddy, _eil. _923171 |
|
| 830 | 0 |
_aProyecto Todos juntos _930856 |
|
| 999 |
_c46484 _d46484 |
||